Formula 1 drivers #5 - Statistics

General Stats
  • This quiz has been taken 13 times
  • The average score is 7 of 16
Answer Stats
Picture Answer % Correct
Lando Norris
91%
Alan Jones
73%
Gerhard Berger
73%
Jochen Rindt
64%
Mika Salo
64%
John Watson
45%
Patrick Depailler
45%
Tom Pryce
45%
Elio de Angelis
36%
Wolfgang von Trips
36%
JJ Lehto
27%
Stefan Johansson
27%
Gunnar Nilsson
18%
Mark Donohue
18%
Vittorio Brambilla
18%
Jim Crawford
0%
No matching quizzes found
Score Distribution
Percent of People with Each Score
Percentile by Number Answered
Your Score History
You have not taken this quiz